000 02300nam a2200217Ia 4500
003 Ost
005 20260507075249.0
008 260507s9999||||xx |||||||||||||| ||und||
040 _cfsecg
041 _aara
082 _a330
100 _eمؤلف
245 0 _aالاتجاهات الدولية الحديثة في منظمات الاعمال :
_bالتحديات و الفرص و الآفاق /
260 _aعمان:
_bمكتبة المجتمع,
_c2010
300 _a559 صفحة؛
_bإيضاحات ؛
_c24 سم
504 _aمراجع ص.559
520 _aالتحديات و الفرص التي تواجه الاداء التسويقي ، الانظمة البيئية للأعمال : أشكال جديدة للتعاون و التنافس حالة التكنولوجيات الجديدة ، التجارة الايلمترونية : تقييم الجهود التسويقية ، مشكلات التكييف البيئي و انعكاساتها على نمو الشركات الاجنبية ، المغانم و المغارم الاقتصادية في اتفاقية الشراكة الأردنية الأوروبية ، دور البنوك الاسلامية في التنمية ، المصارف الاسلامية و دورها في التنمية الاقتصادية ، المتغيرات الاقتصادية الدولية و أثرها على التكامل الاقتصادي العربي ، التكتلات الاقتصادية و التجارة الدولية و التكامل الاقتصادي العربي ، التكتلات الاقتصادية الدولية و تفعيل التعاون الاقتصادي العربي ، جودة الخدمات الايليكترونية لمنظمات الاعمال في ظل العولمة ، القائد المبدع كميزة تنافسية لمنظمات الاعمال الدولية ، ادارة المعرفة و تكنولوجيا المعلومات و دورها في تحقيق قيمة عالية لأعمال منظمات الاعمال الدولية ، دراسة تحليلية للأخطاء المؤدية الى سقوط قرارات مقدري الضريبة في مرحلة الاعتراض و الاستئناف.
653 _aإدارة الاعمال
653 _aمنظمات
942 _cكتاب
999 _c43676
_d43676